| 000 | 00000nam##2200000za#4500 |
| 001 | 9.616417 |
| 003 | CaOODSP |
| 005 | 20210615101610 |
| 007 | ta |
| 008 | 150406|2003||||xxc||||| f|0| 0 eng|d |
| 040 | |aCaOODSP|beng |
| 043 | |an-cn--- |
| 086 | 1 |aNH18-22/102-137E |
| 110 | 2 |aCanada Mortgage and Housing Corporation. |
| 245 | 10|aMulti-residential high efficiency clothes washer pilot project |
| 260 | |bCanada Mortgage and Housing Corporation |c2003. |
| 300 | |a[4]p. : |bfigs., table ; |c28 cm. |
| 490 | 1 |aResearch highlight. Technical series |v02-137 |
| 520 | 3 |aThese technical papers summarize a wide range of housing-related studies, reports, and manuals. They examine issues as diverse as low-maintenance northern landscaping; policy options for achieving healthy indoor air quality; and various aspects of building performance, including high-rise building envelope performance, performance of various building materials, and evaluations of district heating systems. |
| 563 | |aPamphlet |
| 590 | |a03-24|b2003-06-13 |
| 690 | 07|aSubsidized housing|2gcpds |
| 775 | 08|tProjet pilote sur les lessiveuses à haute efficacité dans les collectifs d'habitation |w(CaOODSP)9.626242 |
| 776 | 0#|tMulti-residential high efficiency clothes washer pilot project |w(CaOODSP)9.581025 |
| 830 | #0|aResearch highlight. Technical series ;|v02-137|w(CaOODSP)9.514826 |
| 986 | |a63102 |